| 000 | 02256 a2200241 4500 | ||
|---|---|---|---|
| 001 | 57420 | ||
| 005 | 20260407155835.0 | ||
| 008 | 260407a2019 arg spa d | ||
| 003 | AR-UNSa-BCEJYS | ||
| 040 |
_aAR-UNSa-BCEJYS _bspa _cAR-UNSa-BCEJYS |
||
| 080 |
_a342 _xDerecho constitucional (Derecho Público) |
||
| 245 | 1 | 0 | _aManual de derecho constitucional |
| 020 | _a978-987-706-281-6 | ||
| 250 | _a3a. ed. | ||
| 264 | 1 |
_aBuenos Aires : _bAstrea _c2019 |
|
| 300 |
_alvi, 775 p. _c23 cm. |
||
| 505 | _a1. El Constitucionalismo – 2. Derecho constitucional: caracteres, dimensiones y desarrollo – 3. Metodología del derecho constitucional – 4. Fuentes del derecho constitucional – 5. Control de constitucionalidad – 6. Proceso constitucional argentino – 7. Fuentes del derecho constitucional argentino – 8. Sistema constitucional argentino. La Argentina como estado – 9. Elementos constitucionales del estado argentino – 10. Poderes del estado. Constituyente y electoral – 11. Congreso de la nación – 12. Operatividad del congreso – 13. Poder ejecutivo. Estructura e integración. Operatividad – 14. Poder judicial y ministerio público – 15. Relaciones y controles entre los poderes del gobierno federal – 16. Poder provincial – 17. Competencia de los gobiernos federal y provinciales – 18. Poder municipal – 19. Derechos constitucionales – 20. Derecho a la condición humana – 21. Derecho a la seguridad – 22. Derecho a la privacidad – 23. Derecho de libertad física y de locomoción – 24. Derecho de pensamiento y expresión – 25. Derecho a la libertad de conciencia de culto – 26. Derecho de reunión – 27. Derecho de asociación – 28. Derecho de peticionar – 29. Derecho de enseñar y de aprender – 30. Derecho a la igualdad – 31. Derecho económico-sociales – 32. Derecho constitucional de la familia – 33. Derechos procesales y penales – 34. Derechos políticos – 35. Reglamentaciones y limitaciones a los derechos – 36. Deberes constitucionales | ||
| 041 | _aspa | ||
| 942 | _cBK | ||
| 590 | _aniveau_biblio:m niveau_hierar:0 | ||
| 100 | 1 | _aSagüés, Néstor Pedro | |
| 856 | 4 | 1 |
_uhttps://biblioeco.unsa.edu.ar/pmb/images/libros/L128771.jpg _yImagen de portada _qimage/jpeg |
| 999 |
_c6202 _d6202 |
||